000 00584nam a2200229 a 4500
001 nice12345678
003 IN_TiNIC
005 20260116011939.0
008 050524s1942 lona grp 000 0 eng
020 _a
_c0
082 0 0 _a201
_bKEP
100 _aKeppel, L
245 _aChrist`s Appeal for Love
_b to His Humble Servant Josefa Menedez
260 _aLondon
_bSt.Glasgow
_c1942
300 _a176p
500 _aincludes index and biblioraphy
505 2 _awith a forward by fr.bernard vaughan
700 1 _aKeppel, L
902 _bSRS
942 _cBK
999 _c5014
_d5014